दस प्रतिनिधि कहानियाँ / (Record no. 189080)

MARC details
000 -LEADER
fixed length control field 00973nam a22002657a 4500
005 - DATE AND TIME OF LATEST TRANSACTION
control field 20220613114628.0
008 - FIXED-LENGTH DATA ELEMENTS--GENERAL INFORMATION
fixed length control field 220613b ||||| |||| 00| 0 eng d
010 ## - LCCN (DPL NO)
LC control number HN-014806
020 ## - INTERNATIONAL STANDARD BOOK NUMBER
Terms of availability 60.00
International Standard Book Number 8170162319
035 ## - SYSTEM CONTROL NUMBER
System control number HN-014806
037 ## - SOURCE OF ACQUISITION
Source of stock number/acquisition Cen Lib/Ret
040 ## - CATALOGING SOURCE
Original cataloging agency DPL
Language of cataloging HN
082 ## - DEWEY DECIMAL CLASSIFICATION NUMBER
Classification number
Item number अमृत
100 ## - MAIN ENTRY--PERSONAL NAME
Personal name अमृत राय
9 (RLIN) 54913
245 ## - TITLE STATEMENT
Title दस प्रतिनिधि कहानियाँ /
Statement of responsibility, etc अमृत राय
246 ## - VARYING FORM OF TITLE
Title proper/short title /
Remainder of title by Amrit Ray
260 ## - PUBLICATION, DISTRIBUTION, ETC. (IMPRINT)
Place of publication, distribution, etc नई दिल्ली
Name of publisher, distributor, etc किताब घर
Date of publication, distribution, etc 1956
270 ## - ADDRESS
City नई दिल्ली
300 ## - PHYSICAL DESCRIPTION
Extent 107पृ.
Dimensions 18सेमी (सजिल्द)
650 ## - SUBJECT ADDED ENTRY--TOPICAL TERM
Topical term or geographic name as entry element हिन्दी साहित्य
9 (RLIN) 54914
650 ## - SUBJECT ADDED ENTRY--TOPICAL TERM
Topical term or geographic name as entry element हिन्दी साहित्य -- उपन्यास
9 (RLIN) 46379
650 ## - SUBJECT ADDED ENTRY--TOPICAL TERM
Topical term or geographic name as entry element Hindi literature
9 (RLIN) 54915
650 ## - SUBJECT ADDED ENTRY--TOPICAL TERM
Topical term or geographic name as entry element Hindi literature -- Fiction
9 (RLIN) 54916
942 ## - ADDED ENTRY ELEMENTS (KOHA)
Source of classification or shelving scheme Dewey Decimal Classification
Item type Hindi Books
Classification part
Call number suffix अमृत
Holdings
Withdrawn status Lost status Source of classification or shelving scheme Damaged status Not for loan Home library Current library Date acquired Cost, normal purchase price Total Checkouts Total Renewals Full call number Barcode Date last seen Cost, replacement price Koha item type
    Dewey Decimal Classification     Sarojini Nagar Sarojini Nagar 13/06/2022 60.00 15 27 क अमृत HN-014806 29/01/2025 60.00 Hindi Books

© Delhi Public Library
Hit Counter
free hit counter